[Event "ARA Cto de Aragon por Equipos Division "]
[Site "Aragon"]
[Date "2021.03.13"]
[Round "1.1"]
[White "Llanes Luno, Ricardo"]
[Black "Forcen Esteban, Daniel"]
[Result "0-1"]
[WhiteElo "2199"]
[BlackElo "2558"]
[PlyCount "48"]
[EventDate "2021.03.13"]
[WhiteTeam "Delicias"]
[BlackTeam "Jaime Casas"]

1. d4 f5 2. f4 Nf6 3. Nf3 e6 4. e3 b6 5. Bd3 Bb7 6. O-O c5 7. c4 g6 8. Nc3 Bg7
9. Nb5 O-O 10. Nd6 Bc6 11. Ne5 Qe7 12. Nb5 Bb7 13. dxc5 bxc5 14. Be2 Ne4 15.
Bf3 d5 16. Nc3 Bxe5 17. fxe5 Nd7 18. cxd5 Nxe5 19. Bxe4 fxe4 20. d6 Rxf1+ 21.
Qxf1 Qxd6 22. b3 Rf8 23. Qe2 Ba6 24. Nb5 Bxb5 0-1

[Event "ARA Cto de Aragon por Equipos Division "]
[Site "Aragon"]
[Date "2021.03.13"]
[Round "1.2"]
[White "Ramiro Ovejero, Juan Luis"]
[Black "Roche Simon, Manuel Angel"]
[Result "1-0"]
[WhiteElo "2345"]
[BlackElo "2046"]
[PlyCount "29"]
[EventDate "2021.03.13"]
[WhiteTeam "Jaime Casas"]
[BlackTeam "Delicias"]

1. d4 d5 2. Bf4 c5 3. e3 Nc6 4. c3 Nf6 5. Nd2 e6 6. Ngf3 Bd6 7. Bg3 O-O 8. Bd3
b6 9. e4 dxe4 10. Nxe4 Nxe4 11. Bxe4 Bb7 12. dxc5 Bxc5 13. Qa4 Na5 14. Rd1 Qe7
15. Rd7 1-0

[Event "ARA Cto de Aragon por Equipos Division "]
[Site "Aragon"]
[Date "2021.03.13"]
[Round "1.3"]
[White "Llanes Luno, Pedro Alfredo"]
[Black "Fontana Sotomayor, Luis Javier"]
[Result "1-0"]
[WhiteElo "2005"]
[BlackElo "2271"]
[PlyCount "59"]
[EventDate "2021.03.13"]
[WhiteTeam "Delicias"]
[BlackTeam "Jaime Casas"]

1. e4 Nf6 2. e5 Nd5 3. c4 Nb6 4. c5 Nd5 5. Nc3 e6 6. Bc4 Nxc3 7. bxc3 b6 8. Nf3
Bxc5 9. O-O Be7 10. Re1 O-O 11. d4 d5 12. exd6 cxd6 13. Qe2 d5 14. Bd3 a5 15.
Qe5 Ba6 16. Bc2 Nd7 17. Qg3 Re8 18. Bh6 Bf8 19. Bg5 Qc8 20. Re3 Qc6 21. Rae1
Bd6 22. Qh4 Nf8 23. Ne5 Bxe5 24. dxe5 Qc4 25. Qh5 Qxa2 26. Bb1 Qd2 27. Rd1 g6
28. Qf3 Qb2 29. Qf4 Ra7 30. Bf6 1-0

[Event "ARA Cto de Aragon por Equipos Division "]
[Site "Aragon"]
[Date "2021.03.13"]
[Round "1.4"]
[White "Eizaguerri Floris, Maria"]
[Black "Moreno Burillo, Marcos Antonio"]
[Result "1-0"]
[WhiteElo "2247"]
[BlackElo "1586"]
[PlyCount "120"]
[EventDate "2021.03.13"]
[WhiteTeam "Jaime Casas"]
[BlackTeam "Delicias"]

1. e4 g6 2. d4 d6 3. Nc3 Bg7 4. Bg5 c6 5. Qd2 Nd7 6. f4 b5 7. a3 a5 8. Nf3 Bb7
9. Bd3 Qb6 10. Ne2 Ngf6 11. c3 c5 12. Ng3 c4 13. Bc2 O-O 14. O-O Rfe8 15. f5 e5
16. Rae1 Ba6 17. Kh1 b4 18. h4 Ng4 19. fxg6 hxg6 20. Ba4 Ra7 21. dxe5 Ngxe5 22.
Be3 bxc3 23. bxc3 Qc7 24. Bxa7 Qxa7 25. Qxd6 Re6 26. Qd4 Qc7 27. Nxe5 Nc5 28.
Rd1 Bxe5 29. Qd8+ Qxd8 30. Rxd8+ Kg7 31. Be8 Bxg3 32. Rxf7+ Kg8 33. Rf3 Bxh4
34. Bf7+ Kh7 35. Bg8+ Kh6 36. Rh3 Rxe4 37. g3 Re1+ 38. Kg2 Bb7+ 39. Kf2 Rc1 40.
Rxh4+ Kg5 41. Rdd4 Rc2+ 42. Kf1 Rxc3 43. Rhg4+ Kh5 44. Bxc4 Rf3+ 45. Ke1 Rxa3
46. Bf7 Be4 47. Bd5 Bxd5 48. Rh4+ Kg5 49. Rxd5+ Kf6 50. Rxc5 Rxg3 51. Rxa5 Rb3
52. Rf4+ Kg7 53. Rg4 Rb6 54. Kf2 Rf6+ 55. Kg3 Rc6 56. Rb4 Kf6 57. Rab5 Rc1 58.
Rf4+ Kg7 59. Rb6 Rc5 60. Rg4 g5 1-0

[Event "ARA Cto de Aragon por Equipos Division "]
[Site "Aragon"]
[Date "2021.03.13"]
[Round "1.5"]
[White "Del Rey, Diego"]
[Black "Adla, Diego"]
[Result "1/2-1/2"]
[WhiteElo "2383"]
[BlackElo "2425"]
[PlyCount "68"]
[EventDate "2021.03.13"]
[WhiteTeam "El Olivar"]
[BlackTeam "MyInvestor Casablanca"]

1. e4 c5 2. Nf3 e6 3. d4 cxd4 4. Nxd4 Nf6 5. Bd3 Nc6 6. Nxc6 bxc6 7. O-O d5 8.
Nd2 Be7 9. c4 O-O 10. Qc2 h6 11. e5 Nd7 12. Nf3 c5 13. Re1 Bb7 14. cxd5 exd5
15. Bf5 Kh8 16. Bd2 d4 17. Be4 Rb8 18. b3 Qb6 19. Rac1 Rfe8 20. Bxb7 Rxb7 21.
e6 fxe6 22. Qg6 Nf6 23. Ne5 Bd8 24. Nf7+ Rxf7 25. Qxf7 Kh7 26. b4 cxb4 27. Rc8
a5 28. h4 Qa6 29. Rec1 Qe2 30. Bg5 Re7 31. Qf8 Re8 32. Qf7 Re7 33. Qf8 Re8 34.
Qf7 Re7 1/2-1/2

[Event "ARA Cto de Aragon por Equipos Division "]
[Site "Aragon"]
[Date "2021.03.13"]
[Round "1.6"]
[White "Glavina, Pablo"]
[Black "Villuendas Valero, Adrian"]
[Result "1/2-1/2"]
[WhiteElo "2410"]
[BlackElo "2249"]
[PlyCount "78"]
[EventDate "2021.03.13"]
[WhiteTeam "MyInvestor Casablanca"]
[BlackTeam "El Olivar"]

1. e4 e6 2. d4 d5 3. Nd2 c5 4. exd5 exd5 5. Ngf3 a6 6. Be2 Nc6 7. O-O Bd6 8.
dxc5 Bxc5 9. c4 Nge7 10. Nb3 Bb6 11. cxd5 Qxd5 12. Qxd5 Nxd5 13. Bc4 Nde7 14.
Bf4 Bg4 15. Ng5 O-O 16. Rfe1 h6 17. Ne4 Ng6 18. Bd6 Rfd8 19. Bc5 Bc7 20. f3 Bf5
21. Rad1 Rxd1 22. Rxd1 Bxe4 23. fxe4 Nge5 24. Bd5 Rd8 25. h3 Rd7 26. Bf2 Bd6
27. Kf1 Be7 28. a3 Kf8 29. Ke2 Ke8 30. Rc1 Bd6 31. Nd4 Rc7 32. Nf5 Bf8 33. Bb6
Rc8 34. Be3 h5 35. Bf4 Ng6 36. Be3 Nge5 37. Rc3 g6 38. Bf4 Kd7 39. Ne3 Bd6
1/2-1/2

[Event "ARA Cto de Aragon por Equipos Division "]
[Site "Aragon"]
[Date "2021.03.13"]
[Round "1.7"]
[White "Hernando Garcia, Antonio"]
[Black "Bayo Milagro, Alvaro"]
[Result "0-1"]
[WhiteElo "2097"]
[BlackElo "2257"]
[PlyCount "68"]
[EventDate "2021.03.13"]
[WhiteTeam "El Olivar"]
[BlackTeam "MyInvestor Casablanca"]

1. Nf3 d5 2. c4 e6 3. cxd5 exd5 4. d4 Bd6 5. Nc3 c6 6. Bg5 Ne7 7. e3 Bf5 8. Bd3
f6 9. Bh4 Nd7 10. Bg3 Nb6 11. Bxd6 Qxd6 12. Bxf5 Nxf5 13. O-O O-O 14. Nd2 Qe7
15. Re1 Rfe8 16. Rc1 Nd6 17. b3 Qf7 18. Ne2 Nd7 19. Nf4 Re7 20. Nd3 g5 21. Nc5
Rae8 22. Nxd7 Rxd7 23. h4 h6 24. hxg5 hxg5 25. Qg4 Qh7 26. Nf1 Re4 27. Qf3 Rh4
28. Ng3 Ne4 29. Red1 f5 30. Kf1 f4 31. Ne2 Rf7 32. exf4 Rh1+ 33. Ng1 Rxf4 34.
Qe3 Qh2 0-1

[Event "ARA Cto de Aragon por Equipos Division "]
[Site "Aragon"]
[Date "2021.03.13"]
[Round "1.8"]
[White "Vela Frago, Alberto"]
[Black "Galstyan, David"]
[Result "1-0"]
[WhiteElo "2065"]
[BlackElo "1816"]
[PlyCount "43"]
[EventDate "2021.03.13"]
[WhiteTeam "MyInvestor Casablanca"]
[BlackTeam "El Olivar"]

1. e4 e5 2. Nf3 Nc6 3. Nc3 Nf6 4. d4 exd4 5. Nxd4 Nxe4 6. Nxe4 Qe7 7. Bd3 Nxd4
8. O-O d5 9. Bc4 dxe4 10. Qxd4 Qc5 11. Qxe4+ Be7 12. Re1 Bf5 13. Qf4 Bg6 14. b4
Qd6 15. Bxf7+ Kf8 16. Bxg6+ Qxf4 17. Bxf4 hxg6 18. c3 Rh4 19. g3 Rh5 20. Rad1
c5 21. Rd7 Re8 22. Rdxe7 1-0

[Event "ARA Cto de Aragon por Equipos Division "]
[Site "Aragon"]
[Date "2021.03.13"]
[Round "1.9"]
[White "Dominguez Bujeda, Jesus"]
[Black "Ruperez Benito, Antonio"]
[Result "0-1"]
[WhiteElo "2086"]
[BlackElo "2363"]
[PlyCount "86"]
[EventDate "2021.03.13"]
[WhiteTeam "Teruel"]
[BlackTeam "Palacio de Pioneros A"]

1. d4 e6 2. c4 d5 3. Nc3 Be7 4. cxd5 exd5 5. Bf4 c6 6. e3 Bf5 7. g4 Be6 8. h4
Nd7 9. Bg3 Nb6 10. Bd3 Bd6 11. Qf3 h5 12. g5 Ne7 13. Nge2 Bg4 14. Qg2 Bf5 15.
Bxd6 Qxd6 16. Nf4 g6 17. O-O-O a5 18. Qh2 O-O-O 19. Bxf5+ Nxf5 20. Qh3 Nc4 21.
Nd3 Rhe8 22. Rhe1 Kb8 23. b3 Nb6 24. Nc5 Nd7 25. N3a4 Nxc5 26. Nxc5 b6 27. Na4
Kb7 28. Kb2 Re4 29. Rc1 Rxh4 30. Qf1 Rh2 31. Rc2 h4 32. Rec1 Ne7 33. Kb1 Rh8
34. Rc5 bxc5 35. Nxc5+ Kc7 36. Qa6 Rb8 37. Qxa5+ Kc8 38. Qa7 Kd8 39. Na6 Rc8
40. Rc5 Rxf2 41. Ra5 Ke8 42. Nc5 h3 43. Nb7 Qe6 0-1

[Event "ARA Cto de Aragon por Equipos Division "]
[Site "Aragon"]
[Date "2021.03.13"]
[Round "1.10"]
[White "Palacios Herrero, Pablo"]
[Black "Gomez Calomarde, Saul"]
[Result "1-0"]
[WhiteElo "2243"]
[BlackElo "2036"]
[PlyCount "60"]
[EventDate "2021.03.13"]
[WhiteTeam "Palacio de Pioneros A"]
[BlackTeam "Teruel"]

1. e4 c5 2. Nf3 Nc6 3. d4 cxd4 4. Nxd4 g6 5. Nc3 Bg7 6. Be3 Nf6 7. Bc4 O-O 8.
Bb3 Ng4 9. Qxg4 Nxd4 10. Qh4 e6 11. Bg5 f6 12. Be3 f5 13. Bg5 Qa5 14. O-O b6
15. Nd5 exd5 16. Bxd5+ Ne6 17. Bxa8 Ba6 18. Bd5 Bxf1 19. Rxf1 Bxb2 20. Bh6 Bf6
21. Qg3 Bg7 22. Bxg7 Kxg7 23. Qe5+ Rf6 24. exf5 gxf5 25. h4 Qc5 26. c4 d6 27.
Qe2 Nf4 28. Qe7+ Kg6 29. Bg8 h6 30. Bh7+ Kh5 1-0

[Event "ARA Cto de Aragon por Equipos Division "]
[Site "Aragon"]
[Date "2021.03.13"]
[Round "1.11"]
[White "Romo Blasco, Adrian"]
[Black "Romero Pallares, Daniel"]
[Result "0-1"]
[WhiteElo "1986"]
[BlackElo "2203"]
[PlyCount "62"]
[EventDate "2021.03.13"]
[WhiteTeam "Teruel"]
[BlackTeam "Palacio de Pioneros A"]

1. d4 Nf6 2. c4 e5 3. d5 Bb4+ 4. Bd2 a5 5. Nc3 d6 6. Qc2 Na6 7. e4 O-O 8. Nge2
Nc5 9. h3 c6 10. g4 b5 11. Ng3 bxc4 12. Bxc4 Bb7 13. Rd1 Qc7 14. dxc6 Bxc6 15.
Nd5 Nxd5 16. exd5 Bd7 17. O-O Bxd2 18. Rxd2 Na4 19. Qe4 g6 20. b3 Nc5 21. Qe3
f5 22. gxf5 Bxf5 23. Kh2 Qd7 24. h4 Bh3 25. Rg1 Rf4 26. h5 Bg4 27. hxg6 Bf3 28.
gxh7+ Qxh7+ 29. Nh5+ Kh8 30. Rg3 Rh4+ 31. Rh3 Rxh3+ 0-1

[Event "ARA Cto de Aragon por Equipos Division "]
[Site "Aragon"]
[Date "2021.03.13"]
[Round "1.12"]
[White "Baquedano Coarasa, Pablo"]
[Black "Arpa Pardos, Emilio"]
[Result "1-0"]
[WhiteElo "2165"]
[BlackElo "1905"]
[PlyCount "78"]
[EventDate "2021.03.13"]
[WhiteTeam "Palacio de Pioneros A"]
[BlackTeam "Teruel"]

1. d4 Nf6 2. c4 e6 3. Nc3 Bb4 4. e3 O-O 5. Nge2 d5 6. a3 Be7 7. Ng3 c5 8. dxc5
dxc4 9. Bxc4 Qxd1+ 10. Kxd1 Bxc5 11. b4 Bd6 12. Bb2 a6 13. Ke2 b5 14. Bb3 Bb7
15. f3 Bxg3 16. hxg3 Nc6 17. g4 h6 18. Nd1 Nd5 19. Nf2 Rad8 20. Ne4 f5 21. Nc5
Bc8 22. gxf5 Rxf5 23. Rac1 Rg5 24. g4 Nce7 25. Rc2 Nf5 26. gxf5 Rg2+ 27. Ke1
Nxe3 28. Rxg2 Nxg2+ 29. Kf1 Ne3+ 30. Kf2 Nxf5 31. Bc3 Kf7 32. Re1 Rd6 33. Re5
g6 34. Ne4 Rd3 35. Rc5 Bd7 36. Rc7 Ke7 37. Bxe6 Rxc3 38. Nxc3 Kxe6 39. Ne4 Nd6
1-0

[Event "ARA Cto de Aragon por Equipos Division "]
[Site "Aragon"]
[Date "2021.03.13"]
[Round "1.13"]
[White "Gella Lopez, Angel"]
[Black "Lopez Gracia, Fernando"]
[Result "0-1"]
[WhiteElo "2032"]
[BlackElo "2299"]
[PlyCount "80"]
[EventDate "2021.03.13"]
[WhiteTeam "Atletismo Huesca"]
[BlackTeam "Ibercaja"]

1. d4 d5 2. c4 e6 3. Nf3 a6 4. g3 dxc4 5. a4 Nc6 6. Bg2 Rb8 7. O-O Nf6 8. Nc3
Be7 9. e4 O-O 10. Bf4 b5 11. axb5 axb5 12. Qe2 Bd7 13. Rfd1 Re8 14. Ne5 Qc8 15.
Nxc6 Bxc6 16. Ra7 Bd8 17. Qc2 Ra8 18. Rxa8 Qxa8 19. d5 exd5 20. exd5 Bb7 21.
Nxb5 Nxd5 22. Qxc4 Nxf4 23. Bxb7 Qxb7 24. gxf4 Qf3 25. Qd4 Bh4 26. Nc3 h6 27.
f5 Bf6 28. Qd7 Re5 29. Qxc7 Rxf5 30. Qc8+ Kh7 31. Rd2 Qg4+ 32. Kh1 Qf3+ 33. Kg1
Re5 34. Rd1 Rg5+ 35. Kf1 Bxc3 36. Rd8 Qh1+ 37. Ke2 Qe4+ 38. Kf1 Qb1+ 39. Ke2
Qe4+ 40. Kf1 Qe1# 0-1

[Event "ARA Cto de Aragon por Equipos Division "]
[Site "Aragon"]
[Date "2021.03.13"]
[Round "1.14"]
[White "Torcal Miguel, Oscar"]
[Black "Laplaza Ara, Carlos"]
[Result "1/2-1/2"]
[WhiteElo "2101"]
[BlackElo "1928"]
[PlyCount "113"]
[EventDate "2021.03.13"]
[WhiteTeam "Ibercaja"]
[BlackTeam "Atletismo Huesca"]

1. c4 Nf6 2. g3 e6 3. Bg2 d5 4. Nf3 Be7 5. O-O O-O 6. b3 b6 7. Bb2 Bb7 8. d3 c5
9. Nbd2 d4 10. b4 Qc7 11. Nb3 Nbd7 12. bxc5 bxc5 13. Qe1 Rab8 14. Rb1 e5 15. e4
dxe3 16. Qxe3 Rfe8 17. Nfd2 Bxg2 18. Kxg2 Bd6 19. Ne4 Bf8 20. Qf3 a5 21. Nc3 h6
22. Rfe1 Re6 23. Nb5 Qd8 24. a4 Ne8 25. Bc3 Ra8 26. Qe3 Nd6 27. Qd2 Nb7 28. Re2
Be7 29. Rbe1 Bf6 30. Re4 Raa6 31. Qb2 Nb6 32. Qc2 Nxa4 33. Bxe5 Bxe5 34. Rxe5
Rxe5 35. Rxe5 Re6 36. Rxe6 fxe6 37. d4 cxd4 38. N3xd4 Nac5 39. Qg6 Qe7 40. Nc6
Qf7 41. Qg4 a4 42. Qd4 Qd7 43. Qxd7 Nxd7 44. f4 Nb6 45. Na3 Nc5 46. Kf3 Kf7 47.
Ke3 Kf6 48. Ne5 Nbd7 49. Nxd7+ Nxd7 50. Kd4 g5 51. c5 gxf4 52. gxf4 Nxc5 53.
Kxc5 Kf5 54. Kd6 Kxf4 55. Kxe6 Kg4 56. Kf6 Kh3 57. Kg6 1/2-1/2

[Event "ARA Cto de Aragon por Equipos Division "]
[Site "Aragon"]
[Date "2021.03.13"]
[Round "1.15"]
[White "Perez Puyal, Jose Joaquin"]
[Black "Villalba Embid, Marcos"]
[Result "0-1"]
[WhiteElo "1798"]
[BlackElo "2020"]
[PlyCount "104"]
[EventDate "2021.03.13"]
[WhiteTeam "Atletismo Huesca"]
[BlackTeam "Ibercaja"]

1. d4 Nf6 2. Nf3 g6 3. Bf4 Bg7 4. e3 O-O 5. Be2 d6 6. h3 Nfd7 7. O-O e5 8. Bh2
Nc6 9. dxe5 dxe5 10. c3 Qe7 11. e4 f5 12. Nbd2 f4 13. Qc2 g5 14. b4 h5 15. Ne1
Nf6 16. f3 Be6 17. Bc4 Bxc4 18. Nxc4 a5 19. Nxa5 Nxa5 20. bxa5 g4 21. Kh1 Nh7
22. fxg4 hxg4 23. hxg4 Qh4 24. Nf3 Qxg4 25. Qb3+ Kh8 26. Qb5 Ra6 27. Rad1 Rh6
28. Qc5 Qh5 29. Qg1 Nf6 30. Rfe1 Ng4 31. Rd3 Bf6 32. Red1 Bh4 33. Qc5 Rg8 34.
Nxh4 Qxh4 35. Rh3 Nf2+ 36. Qxf2 Qxf2 37. Rxh6+ Kg7 38. Rh3 Kf6 39. Rh6+ Rg6 40.
Rxg6+ Kxg6 41. Rb1 Qxa2 42. Rxb7 Qxa5 43. c4 Qc5 44. Rb5 Qd4 45. Bg1 Qxe4 46.
Rc5 c6 47. Ra5 Kf5 48. c5 Qd5 49. Ra8 e4 50. Rf8+ Kg4 51. Rf6 e3 52. Bh2 Qd1+
0-1

[Event "ARA Cto de Aragon por Equipos Division "]
[Site "Aragon"]
[Date "2021.03.13"]
[Round "1.16"]
[White "Jimenez Fernandez, Alejandro"]
[Black "Lanau Broto, Jose Javier"]
[Result "1-0"]
[WhiteElo "1977"]
[BlackElo "1588"]
[PlyCount "71"]
[EventDate "2021.03.13"]
[WhiteTeam "Ibercaja"]
[BlackTeam "Atletismo Huesca"]

1. d4 f5 2. Nf3 Nf6 3. c4 e6 4. e3 d5 5. b3 c6 6. Bd3 Bd6 7. O-O O-O 8. Ba3 Ne4
9. Bxd6 Qxd6 10. Qc2 Bd7 11. Nc3 Rf6 12. Ne5 Be8 13. f3 Ng5 14. f4 Ne4 15. Rab1
Nd7 16. b4 Rh6 17. Bxe4 fxe4 18. c5 Qe7 19. Rf2 Nxe5 20. dxe5 a5 21. a3 axb4
22. axb4 g5 23. Rbf1 Bg6 24. Qd2 Kh8 25. Ne2 Bf5 26. Nd4 Rg8 27. Nxf5 exf5 28.
fxg5 Qxg5 29. Rxf5 Qh4 30. g3 Rxg3+ 31. hxg3 Qxg3+ 32. Qg2 Qxe3+ 33. R1f2 Rg6
34. Rf8+ Kg7 35. R8f7+ Kh6 36. R7f6 1-0

[Event "ARA Cto de Aragon por Equipos Division "]
[Site "Aragon"]
[Date "2021.03.13"]
[Round "1.17"]
[White "Barranco Mananet, Fernando"]
[Black "Lana Rodriguez, David"]
[Result "0-1"]
[WhiteElo "1969"]
[BlackElo "2361"]
[PlyCount "54"]
[EventDate "2021.03.13"]
[WhiteTeam "Monzon"]
[BlackTeam "Agrupacion"]

1. e4 e6 2. d4 d5 3. Bd3 dxe4 4. Bxe4 Nf6 5. Bf3 Nbd7 6. Ne2 Bd6 7. Nbc3 e5 8.
O-O O-O 9. Bg5 h6 10. Bh4 Re8 11. Bxf6 Nxf6 12. dxe5 Bxe5 13. Qxd8 Rxd8 14.
Rad1 Bf5 15. Bxb7 Rxd1 16. Bxa8 Bxh2+ 17. Kxh2 Rxf1 18. Nd4 Bd7 19. Kg3 Rc1 20.
Nce2 Rb1 21. Bc6 Rxb2 22. Bxd7 Nxd7 23. a4 c5 24. Nb5 Rxc2 25. Nf4 a6 26. Nc7
a5 27. Ncd5 Ra2 0-1

[Event "ARA Cto de Aragon por Equipos Division "]
[Site "Aragon"]
[Date "2021.03.13"]
[Round "1.18"]
[White "Moreno Martin-Viveros, Alvaro"]
[Black "Rodriguez Aranda, Kevin"]
[Result "1-0"]
[WhiteElo "2151"]
[BlackElo "1793"]
[PlyCount "81"]
[EventDate "2021.03.13"]
[WhiteTeam "Agrupacion"]
[BlackTeam "Monzon"]

1. d4 d5 2. Bf4 Nf6 3. e3 g6 4. Nc3 Bg7 5. Nf3 c6 6. Be2 O-O 7. Ne5 Nbd7 8. h4
h5 9. f3 Nxe5 10. Bxe5 Nd7 11. Bxg7 Kxg7 12. Qd2 e5 13. dxe5 Nxe5 14. O-O-O Bf5
15. Qd4 Qf6 16. g4 hxg4 17. fxg4 Be4 18. g5 Qe7 19. Nxe4 dxe4 20. Qxe4 Rfe8 21.
Kb1 Nd7 22. Qd4+ Ne5 23. Qf4 Rad8 24. a3 Rd6 25. Rxd6 Qxd6 26. h5 Qe6 27. Rd1
gxh5 28. Bxh5 Ng6 29. Bxg6 fxg6 30. Rd6 Qf5 31. Qd4+ Qe5 32. Rd7+ Kf8 33. Qh4
Re7 34. Rd8+ Kf7 35. Rd4 Kg8 36. Rd3 c5 37. Qh6 Qg7 38. Qh4 Qh7 39. Rd8+ Kg7
40. Qf4 Rf7 41. Qe5+ 1-0

[Event "ARA Cto de Aragon por Equipos Division "]
[Site "Aragon"]
[Date "2021.03.13"]
[Round "1.19"]
[White "Garreta Crespo, Blas"]
[Black "Lacruz Algarate, Alvaro"]
[Result "0-1"]
[WhiteElo "1767"]
[BlackElo "2097"]
[PlyCount "64"]
[EventDate "2021.03.13"]
[WhiteTeam "Monzon"]
[BlackTeam "Agrupacion"]

1. f4 e5 2. fxe5 d6 3. Nf3 dxe5 4. e3 Bc5 5. b3 Bb4 6. Bb2 Bg4 7. Bxe5 Nf6 8.
Bb2 Qd5 9. Be2 Qf5 10. O-O O-O 11. h3 Bh5 12. Nd4 Bxe2 13. Qxe2 Qg6 14. Nf5
Nbd7 15. a3 Bc5 16. d4 Bb6 17. Nd2 Rfe8 18. Rad1 Nf8 19. Qf3 c6 20. Nh4 Qxc2
21. Bc1 Qd3 22. Nf5 g6 23. Nh6+ Kg7 24. Ng4 Nxg4 25. Qxf7+ Kh8 26. hxg4 Qxe3+
27. Kh1 Qxd4 28. Nf3 Qxg4 29. Rd7 Nxd7 30. Bh6 Qh5+ 31. Nh2 Qxh6 32. Qxd7 Rf8
0-1

[Event "ARA Cto de Aragon por Equipos Division "]
[Site "Aragon"]
[Date "2021.03.13"]
[Round "1.20"]
[White "Garcia Morales, Roberto"]
[Black "Garreta Nieto, Maria"]
[Result "1-0"]
[WhiteElo "2016"]
[BlackElo "1759"]
[PlyCount "61"]
[EventDate "2021.03.13"]
[WhiteTeam "Agrupacion"]
[BlackTeam "Monzon"]

1. e4 c6 2. d4 d5 3. Nc3 dxe4 4. Nxe4 Bf5 5. Ng3 Bg6 6. N1e2 e6 7. Nf4 Bd6 8.
h4 Bxf4 9. Bxf4 h6 10. c3 Nf6 11. Qb3 Qb6 12. Qa3 Nbd7 13. Bd6 Rc8 14. b4 Ra8
15. Be2 Ne4 16. Nxe4 Bxe4 17. O-O Qd8 18. b5 cxb5 19. Bxb5 a6 20. Be2 Qxh4 21.
c4 f6 22. Qe3 Bf5 23. Bf3 Kf7 24. Bxb7 Ra7 25. Bf3 Rc8 26. c5 Bg4 27. g3 Qh5
28. Bh1 Qf5 29. Be4 Qh5 30. c6 e5 31. cxd7 1-0

[Event "ARA Cto de Aragon por Equipos Division "]
[Site "Aragon"]
[Date "2021.03.13"]
[Round "1.21"]
[White "Hinojar Basa, Alfonso"]
[Black "Garza Marco, Sergio"]
[Result "0-1"]
[WhiteElo "2163"]
[BlackElo "2399"]
[PlyCount "116"]
[EventDate "2021.03.13"]
[WhiteTeam "Marcos Frechin"]
[BlackTeam "Helios"]

1. e4 c5 2. Nf3 e6 3. d4 cxd4 4. Nxd4 a6 5. Nc3 b5 6. g3 Bb7 7. Bg2 Nf6 8. a3
Qc7 9. O-O Nc6 10. Re1 Nxd4 11. Qxd4 Bc5 12. Bf4 e5 13. Bxe5 Qb6 14. Qd2 Ng4
15. Qf4 Bxf2+ 16. Kh1 Nxe5 17. Qxe5+ Qe6 18. Qc7 Bc6 19. Red1 O-O 20. Qf4 Bc5
21. Nd5 Ra7 22. Qf5 Re8 23. Rd3 Qxf5 24. exf5 Re2 25. b4 Bf8 26. f6 Ra8 27.
Ne7+ Bxe7 28. Bxc6 dxc6 29. fxe7 Rxe7 30. Rad1 g6 31. R1d2 Rae8 32. Kg2 Kg7 33.
Kf3 Re1 34. c4 Ra1 35. c5 Re6 36. h4 h5 37. Re2 Rf1+ 38. Kg2 Rxe2+ 39. Kxf1 Ra2
40. Kg1 Kf6 41. Rd6+ Ke5 42. Rxc6 Rxa3 43. Kf2 Ra4 44. Rb6 Rxb4 45. Rxa6 Rc4
46. c6 Ke4 47. Kg2 Kd5 48. Rb6 Kc5 49. Rb7 Kxc6 50. Rxf7 Rd4 51. Rf8 b4 52. Kf3
Kb5 53. Rg8 b3 54. Rb8+ Kc4 55. Rb6 Kc3 56. Rxg6 b2 57. Rc6+ Kb3 58. Rb6+ Rb4
0-1

[Event "ARA Cto de Aragon por Equipos Division "]
[Site "Aragon"]
[Date "2021.03.13"]
[Round "1.22"]
[White "Calvo Simon, Jorge"]
[Black "Ciriano Lamban, Alejandro"]
[Result "1-0"]
[WhiteElo "2188"]
[BlackElo "2030"]
[PlyCount "94"]
[EventDate "2021.03.13"]
[WhiteTeam "Helios"]
[BlackTeam "Marcos Frechin"]

1. c4 Nf6 2. g3 g6 3. Bg2 Bg7 4. Nf3 O-O 5. Nc3 c5 6. O-O Nc6 7. d3 b6 8. a3
Bb7 9. Qa4 d5 10. Bg5 d4 11. Bxf6 Bxf6 12. Ne4 Bg7 13. b4 f5 14. Neg5 Qc8 15.
Nd2 Nd8 16. Nb3 h6 17. Nh3 Bxg2 18. Kxg2 e5 19. bxc5 bxc5 20. Rab1 Ne6 21. Na5
Rf7 22. Rb3 f4 23. f3 g5 24. g4 h5 25. Nf2 hxg4 26. Nxg4 e4 27. dxe4 d3 28.
Rxd3 Nd4 29. Nb3 Nxe2 30. Rfd1 Qf8 31. Qc6 Kh7 32. Rd7 Rb8 33. Rxf7 Qxf7 34.
Rd7 Qxd7 35. Qxd7 Rxb3 36. Qf5+ Kh8 37. Nf6 Bxf6 38. Qxf6+ Kh7 39. Qxg5 Rxa3
40. Qxc5 Ra2 41. Qh5+ Kg7 42. Qg5+ Kh7 43. Kh3 Ra6 44. Qe7+ Kh6 45. Kg2 Ra2 46.
Kf1 a5 47. c5 a4 1-0

[Event "ARA Cto de Aragon por Equipos Division "]
[Site "Aragon"]
[Date "2021.03.13"]
[Round "1.23"]
[White "Moya Gimeno, Raul"]
[Black "Cerrajeria Ruiz, Jesus Maria"]
[Result "1-0"]
[WhiteElo "1870"]
[BlackElo "2125"]
[PlyCount "77"]
[EventDate "2021.03.13"]
[WhiteTeam "Marcos Frechin"]
[BlackTeam "Helios"]

1. e4 c5 2. Nf3 a6 3. d4 cxd4 4. Nxd4 Nf6 5. Nc3 e5 6. Nf3 Bb4 7. Bc4 Qc7 8.
Qd3 d5 9. Bxd5 Nxd5 10. exd5 O-O 11. O-O Rd8 12. Bd2 f6 13. Nd1 Bf8 14. Ne3 b5
15. a4 b4 16. Qe4 a5 17. Rfd1 Nd7 18. d6 Qb7 19. Qc4+ Kh8 20. Be1 Qa6 21. Qf7
e4 22. Nd4 Ne5 23. Qh5 g6 24. Qh4 Rxd6 25. Nb5 Rxd1 26. Rxd1 Qc6 27. Nd5 f5 28.
Nf6 h5 29. Qg5 Kg7 30. Nxh5+ Kf7 31. Nf4 Qxc2 32. Rd8 Qc6 33. Qh4 Bd7 34. Qh7+
Kf6 35. Rxa8 Qxa8 36. Nc7 Qc6 37. Ncd5+ Kg5 38. Nh3+ Kg4 39. Ne3# 1-0

[Event "ARA Cto de Aragon por Equipos Division "]
[Site "Aragon"]
[Date "2021.03.13"]
[Round "1.25"]
[White "Cifuentes Parada, Roberto"]
[Black "Carbonel Sanchez, Andres"]
[Result "1-0"]
[WhiteElo "2429"]
[BlackElo "1940"]
[PlyCount "57"]
[EventDate "2021.03.13"]
[WhiteTeam "Jaque Pirenauto"]
[BlackTeam "Tauste"]

1. d4 d5 2. c4 e6 3. Nf3 Nf6 4. e3 c6 5. Bd3 Nbd7 6. O-O Bd6 7. Nc3 O-O 8. e4
dxc4 9. Bxc4 e5 10. Be3 Qe7 11. Bb3 h6 12. Nh4 Rd8 13. Nf5 Qf8 14. Nxd6 Qxd6
15. f4 exd4 16. Qxd4 Qxd4 17. Bxd4 Nf8 18. Bxf6 gxf6 19. f5 b6 20. Rf3 Nd7 21.
Rd1 Ba6 22. Rd6 Rac8 23. e5 Nc5 24. Rxf6 Nxb3 25. axb3 Rd2 26. Rg3+ Kf8 27. e6
Rc7 28. Rxh6 Rxb2 29. f6 1-0

[Event "ARA Cto de Aragon por Equipos Division "]
[Site "Aragon"]
[Date "2021.03.13"]
[Round "1.26"]
[White "Muro Turon, Raul"]
[Black "Escartin Lacasa, Jose"]
[Result "0-1"]
[WhiteElo "1842"]
[BlackElo "2111"]
[PlyCount "98"]
[EventDate "2021.03.13"]
[WhiteTeam "Tauste"]
[BlackTeam "Jaque Pirenauto"]

1. e4 c5 2. c3 Nf6 3. e5 Nd5 4. Bc4 Nb6 5. Bb3 d6 6. d4 cxd4 7. cxd4 dxe5 8.
dxe5 Qxd1+ 9. Bxd1 Nc6 10. f4 f6 11. Nf3 fxe5 12. fxe5 Bg4 13. O-O O-O-O 14.
Bf4 Nd5 15. g3 Nxf4 16. gxf4 Rxd1 17. Rxd1 Bxf3 18. Rd3 Be4 19. Rc3 e6 20. Nd2
Bd5 21. a3 Be7 22. Kf2 g5 23. Nf3 gxf4 24. Rg1 Kd7 25. Rg7 Ke8 26. Ng5 h6 27.
Nf3 h5 28. b4 Kf8 29. Rg1 Bd8 30. Rf1 Bb6+ 31. Ke2 Ke7 32. Nh4 Nxe5 33. Rxf4
Rg8 34. h3 Rg1 35. a4 Kd6 36. Rc8 Nc6 37. Rh8 Nd4+ 38. Kd2 Nb3+ 39. Ke2 Ke5 40.
Rhf8 Rc1 41. Ng6+ Kd6 42. a5 Rc2+ 43. Ke1 Be3 44. R4f7 Bd2+ 45. Kf1 Bc4+ 46.
Kg2 Bh6+ 47. Rf2 Bd5+ 48. Kh2 Nd2 49. h4 Bxf8 0-1